Bibliography on human settlements with emphasis on households and residential environment - Zambia (Record no. 80974)

MARC details
000 -LEADER
fixed length control field 00808nam a2200193 a 4500
008 - FIXED-LENGTH DATA ELEMENTS--GENERAL INFORMATION
fixed length control field 120416s1982 ||||||||||||||||| || u
020 ## - INTERNATIONAL STANDARD BOOK NUMBER
International Standard Book Number 915403731X
050 ## - LIBRARY OF CONGRESS CALL NUMBER
Classification number Z 7164.H8 Sch
100 ## - MAIN ENTRY--PERSONAL NAME
Personal name Chanda, Jairus
245 10 - TITLE STATEMENT
Title Bibliography on human settlements with emphasis on households and residential environment - Zambia
260 ## - PUBLICATION, DISTRIBUTION, ETC. (IMPRINT)
Place of publication, distribution, etc Stockholm:
Name of publisher, distributor, etc SCBR
Date of publication, distribution, etc 1982
300 ## - PHYSICAL DESCRIPTION
Extent 137p.
350 ## -
-- 0.00
650 ## - SUBJECT ADDED ENTRY--TOPICAL TERM
Topical term or geographic name as entry element ZAMBIA
650 ## - SUBJECT ADDED ENTRY--TOPICAL TERM
Topical term or geographic name as entry element HUMAN SETTLEMENTS--ZAMBIA--BIBLIOGRAPHY
700 ## - ADDED ENTRY--PERSONAL NAME
Personal name Schlyter, Ann
995 ## - RECOMMENDATION 995 [LOCAL, UNIMARC FRANCE]
-- 0.00
-- CBU-MAIN LIBRARY (Kitwe)
-- 1
-- 0.00
-- 2
-- AVAILABLE
-- Oct 3, 2007
-- Zambiana Collection
995 ## - RECOMMENDATION 995 [LOCAL, UNIMARC FRANCE]
-- 0.00
-- CBU-MAIN LIBRARY (Kitwe)
-- 2
-- 20.00
-- 1
-- AVAILABLE
-- Zambiana Collection
Holdings
Withdrawn status Lost status Source of classification or shelving scheme Damaged status Not for loan Permanent Location Current Location Shelving location Date acquired Total Checkouts Full call number Barcode Date last seen Copy number Price effective from Koha item type
          CBU-MAIN LIBRARY, KITWE. CBU-MAIN LIBRARY, KITWE.   07/14/2023   Z 7164.H8 Sch 55663 07/14/2023 1 07/14/2023 SPECIAL COLLECTION
          CBU-MAIN LIBRARY, KITWE. CBU-MAIN LIBRARY, KITWE.   07/14/2023   Z 7164.H8 Sch 56071 07/14/2023 2 07/14/2023 SPECIAL COLLECTION